[Event "the third english slow knock out"]
[Site "SchemingMind.com"]
[Date "2019.07.21"]
[Round "-"]
[White "wight knight"]
[Black "Robert Hatfield"]
[Result "0-1"]
[WhiteCountry "ENG"]
[BlackCountry "USA"]
[WhiteElo "1228"]
[WhiteRD "69"]
[BlackElo "1885"]
[BlackRD "67"]
[GameID "443795"]

1. c4 c5 2. e4 Nc6 3. b3 g6 4. Bb2 Nd4 5. Nf3 Bg7 6. Bxd4 cxd4 7. Qc2 d3 8. Bxd3 Bxa1 9. Nc3 Qa5 10. O-O Bxc3
11. Qxc3 Qxc3 12. dxc3 d6 13. a4 Nf6 14. h3 O-O 15. e5 dxe5 16. g4 e4 17. g5 exd3 18. gxf6 exf6 19. Rd1 Rd8 20. h4 Bg4
21. Kg2 d2 22. Nxd2 Bxd1
0-1

[Event "the third english slow knock out"]
[Site "SchemingMind.com"]
[Date "2019.10.06"]
[Round "-"]
[White "Shanks"]
[Black "Thomas Jacob Kelly"]
[Result "0-1"]
[WhiteCountry "ENG"]
[BlackCountry "USA"]
[WhiteElo "1287"]
[WhiteRD "70"]
[BlackElo "1781"]
[BlackRD "82"]
[GameID "446739"]

1. c4 e5 2. e4 Nc6 3. Nc3 Bc5 4. a3 a6 5. d3 d6 6. Nd5 Nf6 7. Nxf6+ Qxf6 8. Nf3 h6 9. Be2 Nd8 10. b3 Ne6
11. Bb2 Nf4 12. Bf1 Bg4 13. Bc1 Nh3 14. gxh3 Bxf3 15. Qd2 Bxh1 16. Bb2 O-O-O 17. O-O-O Bxf2 18. Be2 Bg2 19. Bg4+ Kb8 20. a4 Bh4
21. a5 Bg5 22. Qxg5 hxg5 23. b4 Bxh3 24. Bf5 Bxf5 25. exf5 Rxh2 26. b5 Qxf5 27. b6 Qf2 28. bxc7+ Kxc7 29. Bc3 Qc2#
0-1

[Event "the third english slow knock out"]
[Site "SchemingMind.com"]
[Date "2019.10.16"]
[Round "-"]
[White "William Lindberg"]
[Black "Robert Bruce"]
[Result "1-0"]
[WhiteCountry "USA"]
[BlackCountry "SCO"]
[WhiteElo "2537"]
[WhiteRD "63"]
[BlackElo "2406"]
[BlackRD "65"]
[GameID "447037"]

1. c4 f5 2. d4 Nf6 3. g3 g6 4. Bg2 Bg7 5. Nf3 O-O 6. Nc3 d6 7. O-O Qe8 8. d5 Na6 9. Be3 c5 10. Qd2 Nc7
11. a4 Na6 12. Bf4 Nb4 13. Nb5 Na6 14. Ne1 Qd8 15. Nd3 Rf7 16. f3 Nc7 17. e4 Nxb5 18. axb5 e5 19. Be3 a6 20. b4 cxb4
21. Qxb4 a5 22. Qb3 Nh5 23. Bd2 b6 24. Nb4 Qc7 25. exf5 gxf5 26. Nc6 f4 27. g4 Nf6 28. Ra2 Kh8 29. Be1 Rf8 30. Bh4 Bd7
31. Re1 Be8 32. g5 Nd7 33. Bf2 Bg6 34. Bh3 Rae8 35. Be6 e4 36. fxe4 Ne5 37. Ra3 f3 38. Ra2 Bf7 39. Bf5 Bg6 40. Be6 Rf4
41. Bg3 Rxe4 42. Rxe4 Bxe4 43. c5 dxc5 44. Ra4 f2+ 45. Kxf2 Rf8+ 46. Ke2 Bf3+ 47. Kd2 Qd6 48. Nxe5 Bxe5 49. Qe3 Bxg3 50. hxg3 Qc7
51. Rf4 Rxf4 52. gxf4 Bh5 53. Qc3+ Qg7 54. d6 Be8 55. Qe5 Qxe5 56. fxe5 Kg7 57. d7 Bxd7 58. Bxd7 a4 59. Kc3 Kf8 60. Bf5 a3
61. Kb3 Kg7 62. e6 Kg8 63. Bxh7+ Kf8 64. Kxa3 c4 65. g6 c3 66. Kb3
1-0

[Event "the third english slow knock out"]
[Site "SchemingMind.com"]
[Date "2019.10.15"]
[Round "-"]
[White "Robert Bruce"]
[Black "William Lindberg"]
[Result "0-1"]
[WhiteCountry "SCO"]
[BlackCountry "USA"]
[WhiteElo "2406"]
[WhiteRD "65"]
[BlackElo "2537"]
[BlackRD "63"]
[GameID "447038"]

1. c4 e5 2. g3 Nf6 3. Bg2 c6 4. d4 exd4 5. Qxd4 d5 6. Nf3 Be7 7. cxd5 cxd5 8. O-O Nc6 9. Qa4 O-O 10. Nc3 Be6
11. Be3 Qd7 12. Rfd1 h6 13. Rac1 Rfd8 14. Ne1 Rac8 15. a3 Bf8 16. Bf3 Qe8 17. Nc2 b6 18. b4 g6 19. Qa6 Ng4 20. Bd4 Be7
21. h4 h5 22. Qa4 Rd7 23. Qb3 Rdc7 24. e3 Qd8 25. Qb2 Bxh4 26. Nb5 Rd7 27. gxh4 Qxh4 28. Ne1 Qh2+ 29. Kf1 a6 30. a4 axb5
31. axb5 Na7 32. Rxc8+ Nxc8 33. Bg2 Qb8 34. Ra1 Nd6 35. Nf3 Qd8 36. Kg1 Nxb5 37. Ne5 Rd6 38. Nxg4 Nxd4 39. Qxd4 Bxg4 40. Ra7 Bf5
41. Rb7 Be4 42. Qe5 Qf6 43. Qe8+ Kg7 44. Rb8 Kh6 45. Bxe4 dxe4 46. Qxe4 Rd1+ 47. Kg2 Kg7 48. Re8 Qg5+ 49. Kh3 Rd2 50. Qf3 Rc2
51. Re4 Qd5 52. Kg2 Rc4 53. Rxc4 Qxc4 54. Qg3 Qe4+ 55. f3 Qxe3 56. Qd6 Qe2+ 57. Kg1 Qe3+ 58. Kg2 h4 59. Qd8 Qe2+ 60. Kh3 Qxf3+
61. Kxh4 Qf6+ 62. Qxf6+ Kxf6 63. Kg4 Ke5 64. Kf3 f5 65. Ke3 f4+ 66. Kf3 g5 67. b5 g4+ 68. Kxg4 Ke4
0-1

[Event "the third english slow knock out"]
[Site "SchemingMind.com"]
[Date "2019.10.21"]
[Round "-"]
[White "Robert Hatfield"]
[Black "Uzi Mike"]
[Result "0-1"]
[WhiteCountry "USA"]
[BlackCountry "USA"]
[WhiteElo "1817"]
[WhiteRD "81"]
[BlackElo "2322"]
[BlackRD "89"]
[GameID "447061"]

1. c4 e5 2. g3 Bc5 3. Bg2 Ne7 4. Nc3 d6 5. d3 O-O 6. Nf3 Nbc6 7. O-O Bg4 8. Nd5 Qd7 9. Bd2 Nxd5 10. cxd5 Nd4
11. b4 Bxf3 12. exf3 Bb6 13. f4 exf4 14. Bxf4 a5 15. Bd2 axb4 16. Bxb4 Ra4 17. a3 Re8 18. Ra2 Bc5 19. Rb2 b5 20. Re1 Rxe1+
21. Qxe1 Ra8 22. Qc1 Re8 23. Bxc5 dxc5 24. h3 Ne2+ 25. Rxe2 Rxe2 26. Qxc5 Qf5 27. Qd4 g6 28. g4 Re1+ 29. Kh2 Qd7 30. Qf4 Qd6
0-1

[Event "the third english slow knock out"]
[Site "SchemingMind.com"]
[Date "2019.10.21"]
[Round "-"]
[White "Uzi Mike"]
[Black "Robert Hatfield"]
[Result "1-0"]
[WhiteCountry "USA"]
[BlackCountry "USA"]
[WhiteElo "2312"]
[WhiteRD "88"]
[BlackElo "1872"]
[BlackRD "79"]
[GameID "447062"]

1. c4 e5 2. Nc3 Nf6 3. Nf3 Nc6 4. e4 Bc5 5. Nxe5 Nxe5 6. d4 Bb4 7. dxe5 Nxe4 8. Qd4 Nxc3 9. bxc3 Ba5 10. Be3 c5
11. Qd2 Qe7 12. O-O-O Qxe5 13. Bd4 Qxd4 14. Qe2+
1-0

[Event "the third english slow knock out"]
[Site "SchemingMind.com"]
[Date "2019.11.02"]
[Round "-"]
[White "frankly"]
[Black "Till Plewe"]
[Result "1-0"]
[WhiteCountry "ENG"]
[BlackCountry "JPN"]
[WhiteElo "2613"]
[WhiteRD "66"]
[BlackElo "2497"]
[BlackRD "89"]
[GameID "447558"]

1. c4 e5 2. Nc3 Nf6 3. Nf3 Nc6 4. e4 Bb4 5. d3 d6 6. a3 Bxc3+ 7. bxc3 h6 8. g3 O-O 9. Bg2 a6 10. a4 b6
11. O-O Bd7 12. Ne1 Na5 13. f4 Nb7 14. Nc2 Re8 15. Ne3 Rb8 16. Ra2 Nc5 17. Raf2 Nh7 18. Nd5 Bxa4 19. Qe2 Nb3 20. Ba3 exf4
21. gxf4 Bd7 22. e5 c6 23. Ne3 dxe5 24. fxe5 Rxe5 25. Bd6 Bg4 26. Qxg4 Qxd6 27. Qf4 Rf8 28. d4 Re6 29. Qxd6 Rxd6 30. Nf5 Re6
31. Bxc6 Na5 32. Bd5 Rg6+ 33. Kh1 Rf6 34. c5 bxc5 35. dxc5 Re8 36. Ra2 g6 37. Rxa5 Rxf5 38. Rxf5 gxf5 39. Rxa6 Nf8 40. c6 Ne6
41. Ra7 Kg7 42. Kg1 Kf6 43. Kf2 Re7 44. Rb7 Nc7 45. Bh1 Ke5 46. Ra7 Kd6 47. Ra5 Re5 48. Rxe5 Kxe5 49. Kg3 Kf6 50. Kh4 Kg6
51. c4 Ne6 52. Bd5 Nc7 53. Kg3 Ne8 54. Kf3 Kf6 55. Ke3 Ke7 56. Kd4
1-0

[Event "the third english slow knock out"]
[Site "SchemingMind.com"]
[Date "2019.11.02"]
[Round "-"]
[White "Till Plewe"]
[Black "frankly"]
[Result "1/2-1/2"]
[WhiteCountry "JPN"]
[BlackCountry "ENG"]
[WhiteElo "2526"]
[WhiteRD "83"]
[BlackElo "2615"]
[BlackRD "72"]
[GameID "447559"]

1. c4 e5 2. Nc3 Nf6 3. e3 Nc6 4. Nf3 Bb4 5. Qc2 Bxc3 6. Qxc3 Qe7 7. d4 Ne4 8. Qd3 exd4 9. Nxd4 Nc5 10. Qd1 Nxd4
11. Qxd4 Ne6 12. Qd5 O-O 13. Be2 a5 14. Bd2 Nc5 15. Bf3 d6 16. O-O Bd7 17. Qd4 Rfe8 18. Bc3 Qg5 19. Rad1= Qg6 20. b3 Bf5
21. Bh5 Qh6 22. Bf3 Bc2 23. Rc1 Bf5 24. Rcd1 Bc2=
1/2-1/2

[Event "the third english slow knock out"]
[Site "SchemingMind.com"]
[Date "2019.11.27"]
[Round "-"]
[White "William Lindberg"]
[Black "Thomas Jacob Kelly"]
[Result "1-0"]
[WhiteCountry "USA"]
[BlackCountry "USA"]
[WhiteElo "2464"]
[WhiteRD "63"]
[BlackElo "1796"]
[BlackRD "79"]
[GameID "448497"]

1. c4 b5 2. cxb5 a6 3. e4 axb5 4. Bxb5 c6 5. Be2 Qc7 6. Nc3 g6 7. Nf3 Bg7 8. b4 Nf6 9. d4 Na6 10. e5 Nd5
11. Nxd5 cxd5 12. Bd2 Qb6 13. a4 O-O 14. a5 Qb8 15. O-O Nc7 16. b5 Ne6 17. Re1 Nxd4 18. Nxd4 Bxe5 19. Bh6 Re8 20. g3 Bf6
21. Bf1 Qc7 22. b6 Qc3 23. Nb5 Qxa1 24. Qxa1 Bxa1 25. Rxa1 f6 26. Nc7 Bb7 27. Nxe8 Rxe8 28. a6 Bc6 29. a7 Kf7 30. Bb5 Bxb5
31. b7 Bc6 32. b8=Q Ba8 33. Rc1
1-0

[Event "the third english slow knock out"]
[Site "SchemingMind.com"]
[Date "2019.11.27"]
[Round "-"]
[White "Thomas Jacob Kelly"]
[Black "William Lindberg"]
[Result "0-1"]
[WhiteCountry "USA"]
[BlackCountry "USA"]
[WhiteElo "1727"]
[WhiteRD "81"]
[BlackElo "2482"]
[BlackRD "63"]
[GameID "448498"]

1. c4 e5 2. Nc3 Nf6 3. g3 Bb4 4. Bg2 O-O 5. Qb3 Nc6 6. Bxc6 Bxc3 7. Bxb7 Bxd2+ 8. Bxd2 Rb8 9. Bxc8 Rxb3 10. axb3 Qxc8
11. Rxa7 Qb8 12. Ra3 Qb7 13. f3 e4 14. b4 Re8 15. Re3 Qa6 16. b3 Qa7 17. h3 Qd4 18. g4 Ra8 19. g5 Nh5 20. fxe4 Ra2
21. Nf3 Qa1+
0-1

[Event "the third english slow knock out"]
[Site "SchemingMind.com"]
[Date "2020.02.16"]
[Round "-"]
[White "Uzi Mike"]
[Black "William Lindberg"]
[Result "1/2-1/2"]
[WhiteCountry "USA"]
[BlackCountry "USA"]
[WhiteElo "2233"]
[WhiteRD "85"]
[BlackElo "2447"]
[BlackRD "63"]
[GameID "451416"]

1. c4 e5 2. Nc3 Nf6 3. Nf3 Nc6 4. e4 Bb4 5. d3 O-O 6. Be2 d6 7. O-O h6 8. Nd5 Bc5 9. Be3 a5 10. Nxe5 Nxe5
11. Nxf6+ Qxf6 12. d4 Ba7 13. dxe5 Qxe5 14. Bxa7 Rxa7 15. Qc2 Bd7 16. Bd3 Qc5 17. Kh1 Re8 18. f3 b6 19. Rad1 Raa8 20. Qf2 Re7
21. Qg3 Rf8 22. Qh4 Rfe8 23. Qf4 h5 24. Rd2 Re5 25. Rfd1 g5 26. Qf6 R5e6 27. Qc3 Bc6 28. Rf1 h4 29. Rdf2 Qe5 30. Qd2 Qf6
31. Kg1 R6e7 32. b3 Qf4 33. Qe2 Rf8 34. Qc2 Kg7 35. Qe2 f6 36. Bc2 Be8 37. Qd3 Bg6 38. Qd4 Bf7 39. a3 Rd8 40. Rd1 Re5
41. Qc3 Rf8 42. Qd3 Rd8 43. Bb1 Rc5 44. Rc2 Rb8 45. a4 Kf8 46. Rcd2 Ke7 47. Qe2 Kd7 48. Qf2 Re8 49. Rd4= Kc8 50. Bd3 Qe5
51. Bc2 Kb7 52. Bd3 Qe7=
1/2-1/2

[Event "the third english slow knock out"]
[Site "SchemingMind.com"]
[Date "2020.02.15"]
[Round "-"]
[White "William Lindberg"]
[Black "Uzi Mike"]
[Result "1/2-1/2"]
[WhiteCountry "USA"]
[BlackCountry "USA"]
[WhiteElo "2443"]
[WhiteRD "62"]
[BlackElo "2253"]
[BlackRD "88"]
[GameID "451417"]

1. c4 e5 2. Nc3 Nc6 3. g3 Bc5 4. Bg2 Nge7 5. e3 O-O 6. Nge2 d6 7. b3 Bf5 8. d4 exd4 9. exd4 Bb6 10. O-O Qd7
11. Be3 Bg4 12. f3 Bh3 13. a3 Rad8 14. Qd2 Bxg2 15. Kxg2 Rde8 16. Bf2 Nd8 17. Rfe1 a6 18. Rad1 d5 19. Nf4 c6 20. cxd5 cxd5
21. Nd3 Ne6 22. Na4 Ba7 23. Ne5 Qc8 24. Rc1 Qd8 25. b4 Ng6 26. Nxg6 fxg6 27. Nc5 Qf6 28. Qd3 Qf7 29. h4 Nd8 30. a4 Nc6
31. Rxe8 Rxe8 32. Nxa6 Bxd4 33. b5 Bxf2 34. bxc6 Ba7 35. Nb4 bxc6 36. Rxc6 Qe7 37. Qxd5+ Kh8 38. Qd2 Qe5 39. Na2 Qa1 40. Rc1 Qe5
41. Qc2 Bb8 42. Qf2 h6 43. Nc3 Rc8 44. Ne2 Rd8 45. Rc2 Qa5 46. Rb2 Qxa4 47. Qe3 Kh7=
1/2-1/2

[Event "the third english slow knock out"]
[Site "SchemingMind.com"]
[Date "2020.06.03"]
[Round "-"]
[White "Johnny Owens"]
[Black "frankly"]
[Result "1-0"]
[WhiteCountry "USA"]
[BlackCountry "ENG"]
[WhiteElo "2134"]
[WhiteRD "76"]
[BlackElo "2598"]
[BlackRD "66"]
[GameID "455784"]

1. c4 e5 2. g3 Nf6 3. Bg2 d5 4. cxd5 Nxd5 5. Nc3 Nb6 6. d3 Be7 7. f4 exf4 8. Bxf4 O-O 9. Nh3 Nc6 10. O-O Be6
11. Bd2 Nd5 12. Nxd5 Bxd5 13. e4 Be6 14. Nf4 Qd7 15. Bc3 Bc5+ 16. Kh1 Bb4 17. Bxg7 Bg4 18. Bf3 Kxg7 19. Bxg4 Qd4 20. Bf5 Ne5
21. Qh5 Ng6 22. Rac1 Bd6 23. Bxg6 hxg6 24. Qxg6+ fxg6 25. Ne6+ Kh6 26. Nxd4 c5 27. Nf3 Rad8 28. Kg2
1-0

[Event "the third english slow knock out"]
[Site "SchemingMind.com"]
[Date "2020.06.04"]
[Round "-"]
[White "frankly"]
[Black "Johnny Owens"]
[Result "1/2-1/2"]
[WhiteCountry "ENG"]
[BlackCountry "USA"]
[WhiteElo "2594"]
[WhiteRD "63"]
[BlackElo "1932"]
[BlackRD "85"]
[GameID "455785"]

1. c4 e6 2. d4 f5 3. g3 Nf6 4. Bg2 d5 5. Nf3 c6 6. O-O Bd6 7. b3 O-O 8. Nc3 Nbd7 9. Bg5 Qe8 10. Rc1 b6
11. cxd5 exd5 12. Qc2 h6 13. Bd2 Bb7 14. Nh4 Ne4 15. Bh3 Nxd2 16. Qxd2 f4 17. Qd3 Rf6 18. Rfe1 Nf8 19. e4 fxe3 20. Rxe3 Qh5
21. Qe2 Qxe2 22. Nxe2 Ng6 23. Nxg6 Rxg6 24. Bd7 c5 25. h4 Rd8 26. h5 Rf6 27. Bg4 a5 28. Rd1 Bc6 29. f4 c4 30. Be6+ Kh8
31. f5 a4 32. Rb1 cxb3 33. axb3 a3 34. Nc3 b5 35. b4 Bd7 36. Rb3 Bxe6 37. fxe6 Ra8 38. Rb1 Raf8 39. Ra1 Kg8 40. Nxb5 Bxb4=
41. Nc7 Rf2 42. Nxd5 Rf1+ 43. Rxf1 Rxf1+ 44. Kxf1 a2 45. Nxb4 a1=Q+= 46. Kf2 Kf8=
1/2-1/2

[Event "the third english slow knock out"]
[Site "SchemingMind.com"]
[Date "2021.02.20"]
[Round "-"]
[White "Johnny Owens"]
[Black "Uzi Mike"]
[Result "0-1"]
[WhiteCountry "USA"]
[BlackCountry "USA"]
[WhiteElo "1894"]
[WhiteRD "80"]
[BlackElo "2335"]
[BlackRD "80"]
[GameID "708438"]

1. c4 Nf6 2. Nc3 e5 3. Nf3 Nc6 4. e4 Bb4 5. d3 O-O 6. a3 Bc5 7. b4 Bd4 8. Bd2 d6 9. h3 a5 10. b5 Bxc3
11. Bxc3 Ne7 12. g3 c6 13. a4 cxb5
0-1

[Event "the third english slow knock out"]
[Site "SchemingMind.com"]
[Date "2021.02.17"]
[Round "-"]
[White "Uzi Mike"]
[Black "Johnny Owens"]
[Result "0-1"]
[WhiteCountry "USA"]
[BlackCountry "USA"]
[WhiteElo "2259"]
[WhiteRD "99"]
[BlackElo "2148"]
[BlackRD "80"]
[GameID "708439"]

1. c4 b6 2. Nc3 Bb7 3. Nf3 Bxf3 4. exf3 c5 5. d4 cxd4 6. Qxd4 e6 7. Bf4 Nf6 8. Qd2 Nc6 9. Bd3 Rc8 10. O-O Be7
11. Rad1 O-O 12. Bb1 Re8 13. Bg5 h6 14. Bh4 Kf8 15. Nb5 d5 16. Bxf6 Bxf6 17. cxd5 exd5 18. Bf5 Rb8 19. Qc1 Ne7 20. Nc7 Nxf5
21. Rxd5 Rc8 22. Rxd8 Rexd8 23. Qb1 Nd4 24. Na6 g6 25. Kh1 Rc2 26. Nb4 Rd2 27. Rd1 Rxf2 28. Nd3 Rc2 29. Nf4 Rf2 30. a4 Kg7
31. b4 h5 32. a5 h4 33. Nh3 Re2 34. Ng1 Re6 35. Nh3 bxa5 36. bxa5 Re2 37. a6 Rde8 38. Nf4 R2e5 39. Rf1 Nf5 40. Qc1 Ra5
41. Qc6 Re3 42. Qb7 Bd4 43. Rg1 Ra2 44. Rd1 Rc2 45. Qb4 Rec3 46. Qa4 Rc4 47. Qa3 Rb2 48. Nd3 Re2 49. Nf4 Rec2 50. Nd5 Rb2
51. Qd3 h3 52. g4 Rcc2 53. Qxc2 Rxc2 54. gxf5 g5 55. f6+ Kg6 56. f4 g4 57. Nb4 Rc4 58. Nd3 Kxf6 59. Nc1 Be3 60. Nd3 Rd4
61. Nb2 Rxf4 62. Nd3 Rf3 63. Nc1 Kg6 64. Nd3 f6 65. Nb4 Bc5 66. Nc6 Rc3 67. Na5 Bd4 68. Re1 Bb6 69. Nb7 Bc7 70. Rg1 Kg5
71. Rd1 Rc2 72. Nc5 Rxc5 73. Kg1 Rc2 74. Rd7 Bxh2+ 75. Kf1 Bg3 76. Rg7+ Kf4 77. Rd7 h2 78. Rd4+ Kf5 79. Rd5+ Be5 80. Rd2 Rxd2
81. Ke1 Rg2 82. Kf1 h1=Q#
0-1